000 01023nam a2200277 a 4500
001 BRL_13
005 20190320210542.0
008 860813s1939 mx-#######---#000-0#spa-#
041 _aspa
044 _amx
050 4 _aNA7515.M4
_b.C37 1939
245 1 0 _aUna casa habitación del siglo XVIII en la ciudad de México
_cAlberto Le Duc, Roberto Álvarez Espinosa, Jorge Enciso.
260 _aMéxico
_bSEP : INAH, Dirección de Monumentos Coloniales
_c1939
300 _a71 p.
_bil. (algunas a color), 5 hojas plegables, 6 láminas a color
_c24 cm.
500 _aEjemplar intonso
500 _aAu67
650 1 4 _aArquitectura doméstica
_ySiglo XVIII
_zMéxico
_922651
650 1 4 _aArquitectura
_ySiglo XVIII
_zCiudad de México
_922652
650 1 4 _aArquitectura colonial
_97560
651 4 _aCiudad de México
_xCasas históricas
_922653
700 1 _aDuc, Alberto Le
_ecoaut.
_922654
700 1 _aÁlvarez Espinosa, Roberto
_ecoaut.
_95570
700 1 _aEnciso, Jorge
_ecoaut.
_922655
902 _aGRL
942 _2lcc
_cB
999 _c8826
_d8826